000 00414nam a2200157 a 4500
005 20140310183151.0
008 030130s19uu xx 00 eng d
050 _aPG 3420
_b.T936 1964
100 _aTurgenev, Ivan
245 _aFathers and sons /
_cIvan Turgenev.
260 _aUSA :
_bWashington Square Press,
_c1964.
300 _a217 p. :
_c18 cm.
650 _aFiction
942 _cBK
_2lcc
999 _c19651
_d19651